| 000 | 00926nam a2200229 a 4500 | ||
|---|---|---|---|
| 003 | 0 | ||
| 005 | 20250410093336.0 | ||
| 008 | 970101s19uu xx 00 eng d | ||
| 050 |
_aPGS RA 644.S17 _b.W337 2004 |
||
| 100 | _aWatson, Michael Allen P. | ||
| 245 |
_aPerception of Grade 6 students of Southville International School and Colleges on the SARS (Severe Acute Respiratory Syndrome) outbreak / _cMichael Allen P. Watson. |
||
| 260 |
_aLas PiƱas City, Philippines : _bSouthville International School and Colleges, _c2004. |
||
| 300 |
_a50 pages : _bcolored illustrations ; _c28 cm. |
||
| 504 | _aIncludes bibliographical references. | ||
| 650 | _aSARS (Disease). | ||
| 650 |
_aDisease outbreaks _vPrevention. |
||
| 650 |
_aCommunicable diseases _vPrevention. |
||
| 650 |
_aStudents _vHealth and hygiene. |
||
| 650 |
_aHealth education _vPhilippines. |
||
| 650 |
_aPublic health _vPhilippines. |
||
| 942 |
_2lcc _cPASS |
||
| 999 |
_c97069 _d97069 |
||